Oliver, Amanda and grandmother pig / (Record no. 8256)

MARC details
000 -LEADER
fixed length control field 00983nam a22003017a 4500
001 - CONTROL NUMBER
control field 8256
003 - CONTROL NUMBER IDENTIFIER
control field FISKH
005 - DATE AND TIME OF LATEST TRANSACTION
control field 20250905102747.0
008 - FIXED-LENGTH DATA ELEMENTS--GENERAL INFORMATION
fixed length control field 250905b cb ||||| |||| 00| 0 eng d
020 ## - INTERNATIONAL STANDARD BOOK NUMBER
International Standard Book Number 9780140373868
040 ## - CATALOGING SOURCE
Original cataloging agency FISKH
Language of cataloging eng
Transcribing agency FISKH
Modifying agency FISKH
050 ## - LIBRARY OF CONGRESS CALL NUMBER
Classification number PZ7.V3273 O
082 ## - DEWEY DECIMAL CLASSIFICATION NUMBER
Classification number 820
100 ## - MAIN ENTRY--PERSONAL NAME
Personal name Leeuwen, Jean Van
245 ## - TITLE STATEMENT
Title Oliver, Amanda and grandmother pig /
Statement of responsibility, etc. by Jean Van Leeween : pictures by Ann Schweninger
260 ## - PUBLICATION, DISTRIBUTION, ETC.
Place of publication, distribution, etc. New York :
Name of publisher, distributor, etc. Penguin Young Readers ,
Date of publication, distribution, etc. 1987.
300 ## - PHYSICAL DESCRIPTION
Extent 56 pages :
Other physical details color illustrations ;
Dimensions 23 cm .
490 ## - SERIES STATEMENT
Series statement Oliver and Amanda
505 ## - FORMATTED CONTENTS NOTE
Formatted contents note H <br/>
520 ## - SUMMARY, ETC.
Summary, etc. When Grandmother Pig comes for a visit, Oliver and Amanda learn just how much fun it is to have a grandmother in the house.
521 8# - TARGET AUDIENCE NOTE
Target audience note 400 <br/>
Source Lexile <br/>
521 8# - TARGET AUDIENCE NOTE
Target audience note H <br/>
Source Raz-Plus <br/>
650 ## - SUBJECT ADDED ENTRY--TOPICAL TERM
Topical term or geographic name entry element Pigs
Form subdivision Fiction
650 ## - SUBJECT ADDED ENTRY--TOPICAL TERM
Topical term or geographic name entry element Grandmothers
Form subdivision Fiction
700 ## - ADDED ENTRY--PERSONAL NAME
Personal name Schweninger, Ann
Relator term Illustrator
942 ## - ADDED ENTRY ELEMENTS (KOHA)
Source of classification or shelving scheme Dewey Decimal Classification
Koha item type Books
Suppress in OPAC No
Holdings
Withdrawn status Lost status Source of classification or shelving scheme Damaged status Not for loan Collection Home library Current library Shelving location Date acquired Total Checkouts Full call number Barcode Date last seen Price effective from Koha item type
    Dewey Decimal Classification     Juvenile Fiction Footprints International School Library Network Toul Tom Poung Campus Footprints International School Library Network Toul Tom Poung Campus TTP Primary Dark Blue Bookshelves 09/05/2025   LEE 820 PZ7.V3273 O FIS02878 09/05/2025 09/05/2025 Books